Bilder nach Buchstabe - K - Statistiken

Allgemein
  • Dieses Quiz wurde 18.958 mal gespielt
  • Das Durchschnittsergebnis liegt bei 12 aus 16
Antwortstatistiken
Bildquiz Antwort % Korrekt
Kiwi
99%
Kiefer
93%
Kinder
83%
{Kugel}fisch
83%
Kasachstan
79%
Koi
79%
Kajak
74%
Kilt
74%
Köder
74%
Keanu
70%
Kaiser
65%
Kilimandscharo
65%
Kimono
65%
Komodo
64%
Klopfer
57%
Khan
45%
Keine übereinstimmenden Quizze gefunden
Verteilung der Resultate
Anzahl Personen mit jedem Resultat
Perzentil nach korrekt beantworteten Fragen
Ihre Resultats-Entwicklung
Sie haben dieses Quiz noch nicht gespielt